LEADER 02354oam 2200649I 450 001 9910777473403321 005 20230422045159.0 010 $a1-135-70141-5 010 $a0-203-45140-6 010 $a1-280-10616-6 010 $a1-135-70142-3 010 $a1-138-96788-2 024 7 $a10.4324/9780203451403 035 $a(CKB)1000000000444611 035 $a(SSID)ssj0000294187 035 $a(PQKBManifestationID)11234284 035 $a(PQKBTitleCode)TC0000294187 035 $a(PQKBWorkID)10322598 035 $a(PQKB)11253837 035 $a(MiAaPQ)EBC182063 035 $a(Au-PeEL)EBL182063 035 $a(CaPaEBR)ebr2003738 035 $a(CaONFJC)MIL10616 035 $a(OCoLC)437085022 035 $a(OCoLC)884032705 035 $a(EXLCZ)991000000000444611 100 $a20180706d2000 uy 0 101 0 $aeng 135 $aurcn||||||||| 181 $ctxt 182 $cc 183 $acr 200 14$aThe doctoral experience $esuccess and failure in graduate school /$fSara Delamont, Paul Atkinson and Odette Parry 210 1$aLondon :$cFalmer Press,$d2000. 215 $aviii, 206 p 300 $aBibliographic Level Mode of Issuance: Monograph 311 $a0-7507-0927-8 311 $a0-203-46121-5 320 $aIncludes bibliographic references and index. 327 $a1. Cultures of the academy -- 2. Researching our peers -- 3. The nature of the quest -- 4. The appliance of science : laboratory scientists in the making -- 5. Fieldwork -- 6. Modelling realities -- 7. Genealogies and generations -- 8. Supervisors' narratives : Creating a delicate balance -- 9. Pedagogic continuities -- 10. Disciplines and the doctorate. 606 $aGraduate students$zGreat Britain$vInterviews 606 $aCollege teachers$zGreat Britain$vInterviews 606 $aUniversities and colleges$zGreat Britain$xGraduate work 615 0$aGraduate students 615 0$aCollege teachers 615 0$aUniversities and colleges$xGraduate work. 676 $a378.1550941 700 $aDelamont$b Sara$f1947-,$089616 701 $aAtkinson$b Paul$f1947-$028015 701 $aParry$b Odette$f1954-$089617 801 0$bMiAaPQ 801 1$bMiAaPQ 801 2$bMiAaPQ 906 $aBOOK 912 $a9910777473403321 996 $aThe doctoral experience$93837298 997 $aUNINA LEADER 02147nam0 2200421 i 450 001 TO01171689 005 20251003044410.0 010 $a8814100713 020 $aIT$b2004-4962 100 $a20130827d2003 ||||0itac50 ba 101 | $aita 102 $ait 181 1$6z01$ai $bxxxe 182 1$6z01$an 200 1 $aRegionalismo federalismo devolution$ecompetenze e diritti$econfronti europei (Spagna, Germania e Regno Unito)$fa cura di Silvio Gambino 210 $aMilano: Giuffrè$d©2003 215 $aVIII, 302 p.$d24 cm 225 | $aUniversità degli studi della Calabria, Dipartimento di organizzazione aziendale e amministrazione pubblica, Area giuspubblicistica$v4 300 $aParte degli atti presentati a un convegno tenuto a Arcavacata di Rende nel 2002. 410 0$1001TO01052794$12001 $aUniversità degli studi della Calabria, Dipartimento di organizzazione aziendale e amministrazione pubblica, Area giuspubblicistica$v4$171201$aUniversità degli studi della Calabria$b : Facoltà di economia$b : Dipartimento di organizzazione aziendale e amministrazione pubblica$3CFIV099177 606 $aStato federale$xDiritto comparato$2FIR$3CFIC042968$9I 606 $aRegione$xAttribuzioni$xDiritto comparato$2FIR$3CFIC145525$9I 676 $a321.02$9Forme di governo e di stato. Forme federali$v12 676 $a342.042$9DIRITTO COSTITUZIONALE. LIVELLI DELLO STATO$v21 686 $aI A$cDIRITTO PUBBLICO - Diritto costituzionale e comparato$2BGG 696 $aLegislazione comparata 696 $aLegislazione comparata 699 $aDiritto comparato$zLegislazione comparata 699 $aDiritto comparato$zLegislazione comparata 702 1$aGambino$b, Silvio$f <1946- >$3CFIV000573 801 3$aIT$bIT-000000$c20130827 850 $aIT-BN0095 901 $bNAP 01$cD $n$ 912 $aTO01171689 950 0$aBiblioteca Centralizzata di Ateneo$c1 v.$d 01D (C) 00 1724$e 01C 0080017245 VMA 1 v.$fY $h20121024$i20121024 977 $a 01 996 $aRegionalismo federalismo devolution$968355 997 $aUNISANNIO